| 000 | 01774nam a22002657a 4500 | ||
|---|---|---|---|
| 999 |
_c58165 _d58165 |
||
| 003 | Ge_BSU | ||
| 005 | 20210719114947.0 | ||
| 008 | 210719s2019 ge ||||| |||| 00| 0 geo d | ||
| 020 | _a9789941812323 | ||
| 041 | _ageo | ||
| 080 | _a94(479.22)"1921" ვ-19 | ||
| 100 |
_aვადაჭკორია, შოთა. _95487 |
||
| 245 |
_aქუთაისის 1921 წლის 17-18 მარტის საზავო მოლაპარაკება / _cშოთა ვადაჭკორია ; რედაქტორი ანზორ სიჭინავა ; საქართველოს ტექნიკური უნივერსიტეტი, სოციალურ მეცნიერებათა დეპარტამენტი. |
||
| 264 |
_aთბილისი : _bსამშობლო, _c2019. |
||
| 300 |
_a108 გვ. : _b რუკები ; _c20 სმ. |
||
| 500 | _aწიგნი დაიბეჭდა ავტორის ხარჯით. | ||
| 501 | _aშენიშვნები: გვ. 100-103. | ||
| 504 | _aბიბლიოგრაფია: გვ. 26. | ||
| 520 | _aრეზიუმე ინგლისურ ენაზე. | ||
| 653 | _aსაქართველოს ოკუპაცია რუსეთის მიერ | ||
| 653 | _a1921 წელი -საქართველოს გასაბჭოება. | ||
| 700 |
_aსიჭინავა, ანზორ _eრედაქტორი _912280 |
||
| 710 |
_aსაქართველოს ტექნიკური უნივერსიტეტი _bსოციალურ მეცნიერებათა დეპარტამენტი _912254 |
||
| 942 |
_2udc _cBK |
||